Loading...
| Science - Chemistry | 5 | 3 | 4 | 1 | 85 | 60 | 84.13 | 3 | 7 | 26.55 | 55.16 |
| Science - Physics | 1 | 5 | 1 | 1 | 60 | 49 | 100.83 | 0 | 1 | 16.43 | 29.04 |
| Fine Arts - Painting and Sculpture | 0 | 5 | 1 | 0 | 45 | 101 | 117.00 | 0 | 0 | 9.83 | 20.62 |
| History - American | 1 | 3 | 0 | 1 | 45 | 100 | 118.25 | 0 | 1 | 6.90 | 18.89 |
| Science - Biology | 0 | 3 | 2 | 0 | 20 | 130 | 132.67 | 0 | 2 | 0.55 | 14.44 |
| Other Science (Mixed/Any) | 1 | 0 | 0 | 0 | 15 | 64 | 64.00 | 0 | 1 | 54.93 | 91.67 |
| Other Science (Computer Science) | 0 | 2 | 1 | 0 | 15 | 91 | 104.50 | 1 | 1 | 12.96 | 36.67 |
| Other Culture | 1 | 0 | 0 | 0 | 15 | 45 | 45.00 | 1 | 1 | 17.55 | 23.08 |
| Other Science (Math) | 0 | 1 | 0 | 0 | 10 | 138 | 138.00 | 0 | 0 | 0.18 | 3.33 |
| Religion | 0 | 1 | 0 | 0 | 10 | 102 | 102.00 | 0 | 0 | 2.55 | 6.41 |
| History - European | 0 | 1 | 0 | 1 | 10 | 153 | 153.00 | 0 | 0 | 0.00 | 0.69 |
| Literature - American | 0 | 1 | 0 | 0 | 10 | 146 | 146.00 | 0 | 0 | 1.22 | 3.57 |
| Literature - British | 0 | 1 | 0 | 0 | 10 | 149 | 149.00 | 0 | 0 | 0.00 | 1.19 |
| Literature - World | 0 | 1 | 0 | 1 | 10 | 155 | 155.00 | 0 | 0 | 0.05 | 2.08 |
| Mythology | 0 | 1 | 0 | 1 | 10 | 149 | 149.00 | 0 | 0 | 0.10 | 3.30 |
| Other Academic | 0 | 1 | 0 | 0 | 10 | 114 | 114.00 | 0 | 0 | 2.73 | 12.00 |
| Other Science (Engineering) | 0 | 1 | 0 | 0 | 10 | 92 | 92.00 | 0 | 1 | 35.66 | 66.67 |
| Other Science (Earth Science) | 0 | 1 | 1 | 0 | 5 | 86 | 86.00 | 1 | 1 | 19.06 | 50.00 |
| Fine Arts - Classical Music and Opera | 0 | 1 | 1 | 1 | 5 | 147 | 147.00 | 0 | 0 | 0.00 | 3.89 |
| Social Science | 0 | 0 | 0 | 0 | 0 | 0.00 | 0 | 0 | 0.00 | 0.00 | |
| Philosophy | 0 | 0 | 0 | 0 | 0 | 0.00 | 0 | 0 | 0.00 | 0.00 | |
| Geography | 0 | 0 | 1 | 0 | -5 | 0.00 | 0 | 0 | 0.00 | 0.00 | |
| Fine Arts - Other Arts | 0 | 0 | 1 | 0 | -5 | 0.00 | 0 | 0 | 0.00 | 0.00 | |
| Other Science (Astronomy) | 0 | 0 | 2 | 0 | -10 | 0.00 | 0 | 0 | 0.00 | 0.00 |